Statistiques concernant Devinez le Pokémon #3

Cliquez ici pour prendre le quiz!

Statistiques générales

  • Ce quiz a été pris 58 fois
  • Le résultat moyen est 15 sur 20

Statistiques - réponses

Réponse% Correct
Mew
100%
Pikachu
100%
Suicune
98%
Nostenfer
94%
Noadkoko
91%
Typhlosion
91%
Genesect
83%
Nénupiot
83%
Elektek
81%
Mammochon
81%
Darumacho
78%
Polichombr
76%
Charpenti
72%
Mucuscule
70%
Bastiodon
69%
Type:0
67%
Phione
57%
Mistigrix
44%
Balbalèze
41%
Compagnol
33%

Distribution des résultats

Percentile par nombre de réponses

% des personnes avec chaque résultat

Votre développement - résultats

Vous n’avez pas pris ce quiz